Southville International School and Colleges
Your cart is empty.
  • Cart
  • Lists
    Public lists Eva Luna New books Lux_list list_1
    Your lists Log in to create your own lists
  • Log in to your account
  • Your cookies
  • Search history
Southville International School and Colleges
  • Advanced search
  • Recent comments
  • Most popular
  • Libraries

Log in to your account

Log in with GOOGLE


If you do not have an external account, but do have a local account, you can still log in:

  1. Home
  2. MARC view: Online communication and collaboration :
Normal view MARC view ISBD view

Online communication and collaboration : (Record no. 24153)

[ view plain ]
MARC details
000 -LEADER
fixed length control field 00657nam a2200229 a 4500
005 - DATE AND TIME OF LATEST TRANSACTION
control field 20140310183510.0
008 - FIXED-LENGTH DATA ELEMENTS--GENERAL INFORMATION
fixed length control field 101021s19uu xx 00 eng d
020 ## - INTERNATIONAL STANDARD BOOK NUMBER
International Standard Book Number 978-0-415-56478-6
050 ## - LIBRARY OF CONGRESS CALL NUMBER
Classification number HM 1017
Item number .On55 2010
100 ## - MAIN ENTRY--PERSONAL NAME
Personal name Donelan, Helen edited by
245 ## - TITLE STATEMENT
Title Online communication and collaboration :
Remainder of title a reader.
260 ## - PUBLICATION, DISTRIBUTION, ETC. (IMPRINT)
Place of publication, distribution, etc London :
Name of publisher, distributor, etc Routledge,
Date of publication, distribution, etc 2010.
300 ## - PHYSICAL DESCRIPTION
Extent 290 p. :
Dimensions 23 cm.
521 ## - TARGET AUDIENCE NOTE
Target audience note
650 ## - SUBJECT ADDED ENTRY--TOPICAL TERM
Topical term or geographic name as entry element Interpersonal relations.
650 ## - SUBJECT ADDED ENTRY--TOPICAL TERM
Topical term or geographic name as entry element Computer networks
General subdivision Social aspects.
650 ## - SUBJECT ADDED ENTRY--TOPICAL TERM
Topical term or geographic name as entry element Internet
General subdivision Social aspects.
700 ## - ADDED ENTRY--PERSONAL NAME
Personal name Kear, Karen
700 ## - ADDED ENTRY--PERSONAL NAME
Personal name Ramage, Magnus
942 ## - ADDED ENTRY ELEMENTS (KOHA)
Koha item type Books
Source of classification or shelving scheme Library of Congress Classification
Call number prefix Foreign
Holdings
Withdrawn status Lost status Source of classification or shelving scheme Damaged status Home library Current library Shelving location Date acquired Source of acquisition Total Checkouts Total Renewals Full call number Barcode Date last seen Date checked out Copy number Price effective from Koha item type
    Library of Congress Classification   College Library College Library General Circulation Section 10/21/2010 Donation 1 3 HM 1017 .On55 2010 C11539 05/15/2018 01/26/2016 1 03/10/2014 Books

Online communication and collaboration :

APA

Donelan H. e. b., Kear K. & Ramage M. (2010). Online communication and collaboration. London: Routledge.

Chicago

Donelan Helen edited by, Kear Karen and Ramage Magnus. 2010. Online communication and collaboration. London: Routledge.

Harvard

Donelan H. e. b., Kear K. and Ramage M. (2010). Online communication and collaboration. London: Routledge.

MLA

Donelan Helen edited by, Kear Karen and Ramage Magnus. Online communication and collaboration. London: Routledge. 2010.

  • Place hold
  • Print
  • Cite
  • Add to your cart (remove)
  • Save record
    BIBTEX Dublin Core MARCXML MARC (non-Unicode/MARC-8) MARC (Unicode/UTF-8) MARC (Unicode/UTF-8, Standard) MODS (XML) RIS
  • More searches
    Search for this title in:
    Other Libraries (WorldCat) Other Databases (Google Scholar) Online Stores (Bookfinder.com) Open Library (openlibrary.org)

Exporting to Dublin Core...

SOUTHVILLE LIBRARY

Southville International School and Colleges Library

1281 Tropical Ave. Cor. Luxembourg St., BF Homes International, Las Pinas City

Tel. No. 8256374 / 252358 Loc. 117/146

Powered by Koha